000 00559nam a2200205 a 4500
001 BRCA_7203
005 20190320205741.0
008 160112s1940----nyu#######---#000-0#eng-#
041 _aeng
044 _anyu
050 4 _aPZ3
_b.P2795Hu 1940
100 1 _aPaul, Elliot
_d1891-1958
_917849
245 1 0 _aHugger-Mugger im the Louvre
_ba Homer Evans murder mystery
_cby Elliot Paul.
260 _aNueva York
_bRandom House
_cc1940
300 _aviii, 326 p.
_c21 cm.
500 _aP68
650 1 4 _aNovelas policĂ­acas
_9877
902 _aGFM
942 _2lcc
_cB
999 _c6884
_d6884